| 000 | 00839cam a2200253 a 4500 | ||
|---|---|---|---|
| 001 | 4491684 | ||
| 005 | 20180308033411.0 | ||
| 008 | 971105s1998 vauab b s001 0 eng | ||
| 010 | _a 97045943 | ||
| 020 | _a0813917913 (cloth : alk. paper) | ||
| 020 | _a0813917921 (paper : alk. paper) | ||
| 040 |
_aDLC _cDLC _dDLC |
||
| 041 | _aeng | ||
| 043 | _af-dm--- | ||
| 080 | _a320/.082 baY | ||
| 082 | 0 | 0 |
_a320/.082 baY _221 |
| 100 | 1 | _a23 | |
| 101 | _aPOL | ||
| 245 | 1 | 0 |
_aWives of the leopard : _cEdna G. Bay. |
| 504 | _aIncludes bibliographical references (p. 355-366) and index. | ||
| 906 |
_a7 _bcbc _corignew _d1 _eocip _f19 _gy-gencatlg |
||
| 942 |
_2ddc _cBK |
||
| 999 |
_c44375 _d44375 |
||